[Event "EYCC B12"]
[Site "Halkidiki GRE"]
[Date "2001.09.07"]
[Round "7"]
[White "Mihailovs,J"]
[Black "Nepomniachtchi,I"]
[Result "0-1"]
[WhiteElo "2126"]
[BlackElo "2243"]

1.d4 Nf6 2.c4 g6 3.Nc3 d5 4.cxd5 Nxd5 5.e4 Nxc3 6.bxc3 Bg7 7.Bb5+ c6 8.Ba4 a5
9.Ne2 b5 10.Bc2 O-O 11.O-O b4 12.Bb2 Ba6 13.Bd3 c5 14.Bxa6 Nxa6 15.d5 c4
16.Nd4 Qc7 17.Rc1 Qb7 18.cxb4 Rfc8 19.Qe2 Nxb4 20.Rxc4 Nxa2 21.Ra4 Nb4 22.h3 Qb6
23.Nf3 Bxb2 24.Qxb2 Nxd5 25.Qe5 Nc3 26.Raa1 Qb4 27.Rfe1 Rc6 28.Re3 a4 29.h4 Ra5
30.Qd4 Qxd4 31.Nxd4 Rc4 32.Nc2 Rac5 33.f3 Nb5 34.Na3 Rc1+ 35.Rxc1 Rxc1+ 36.Kf2 Nd4
37.Rd3 e5 38.g3 f6 39.f4 h5 40.fxe5 fxe5 41.Ke3 Re1+ 42.Kd2 Rxe4 43.Kc3 Rg4
44.Nc4 Ne2+ 45.Kb4 Nxg3 46.Re3 Nf5 47.Rxe5 Nd6  0-1

[Event "EYCC B16"]
[Site "Halkidiki GRE"]
[Date "2001.09.08"]
[Round "8"]
[White "Kharitonov,Alexa"]
[Black "Jeremic,V"]
[Result "1-0"]
[WhiteElo "2398"]
[BlackElo "2491"]

1.d4 Nf6 2.c4 g6 3.Nc3 d5 4.cxd5 Nxd5 5.e4 Nxc3 6.bxc3 Bg7 7.Nf3 c5 8.h3 O-O
9.Be2 b6 10.Be3 Bb7 11.Qd3 Ba6 12.Qd2 Bxe2 13.Qxe2 Nc6 14.Rd1 cxd4 15.cxd4 Rc8
16.O-O Na5 17.d5 Qd7 18.Bd4 Qa4 19.Bxg7 Kxg7 20.e5 Rfd8 21.Rd4 Qc2 22.Qe3 Nc4
23.Qg5 Qf5 24.Qg3 f6 25.Re1 Rd7 26.Rf4 Qd3 27.Qg4 f5 28.Qh4 Qxd5 29.Rd4 Qc6
30.e6 Rxd4 31.Qxe7+ Kh6 32.Nxd4 Qd5 33.Qh4+ Kg7 34.e7 Ne5 35.Nxf5+ gxf5 36.Qg5+ Ng6
37.e8=Q Rxe8 38.Rxe8 Qd1+ 39.Kh2 Qd6+ 40.g3 Qc5 41.Re2  1-0

[Event "EYCC B16"]
[Site "Halkidiki GRE"]
[Date "2001.09.08"]
[Round "8"]
[White "Palo,D"]
[Black "Bernasek,J"]
[Result "1-0"]
[WhiteElo "2325"]
[BlackElo "2202"]

1.d4 Nf6 2.c4 g6 3.Nc3 d5 4.cxd5 Nxd5 5.e4 Nxc3 6.bxc3 Bg7 7.Nf3 O-O 8.Be2 c5
9.O-O cxd4 10.cxd4 Nc6 11.Be3 Bg4 12.d5 Ne5 13.Nxe5 Bxe2 14.Qxe2 Bxe5 15.Rad1 Qd7
16.f4 Bg7 17.e5 Rfc8 18.Qd3 b6 19.Qe4 f5 20.Qb4 Rd8 21.Rd3 Qb7 22.Rfd1 Rd7
23.Bf2 Rad8 24.Qb3 Kh8 25.Bh4 Rc8 26.d6 exd6 27.e6 Rdc7 28.Rxd6 Re8 29.Rd8 Rc8
30.e7 Qc6 31.Qf7  1-0

[Event "ch-UKR"]
[Site "Ordzhonikidze UKR"]
[Date "2001.09.09"]
[Round "2"]
[White "Korobov,A"]
[Black "Goloshchapov,A"]
[Result "1/2-1/2"]
[WhiteElo "2470"]
[BlackElo "2550"]

1.d4 Nf6 2.c4 g6 3.Nc3 d5 4.cxd5 Nxd5 5.e4 Nxc3 6.bxc3 Bg7 7.Nf3 c5 8.h3 O-O
9.Be2 Nc6 10.Be3 cxd4 11.cxd4 f5 12.exf5 Qa5+ 13.Bd2 Qxf5 14.Bc3 Be6 15.O-O Rad8
16.Rb1 Bd5 17.Rxb7 Nxd4 18.Nxd4 Qg5 19.Bf3 Bxb7 20.Bxb7 Bxd4 21.Bxd4 Qb5
22.Bf3 Qc4 23.Bxa7 Rxd1 24.Rxd1 Rxf3 25.gxf3 Qxa2 26.Be3 Kf7  1/2-1/2

[Event "TCh-CRO"]
[Site "Pula CRO"]
[Date "2001.09.10"]
[Round "1"]
[White "Zaja,I"]
[Black "Smirin,I"]
[Result "1/2-1/2"]
[WhiteElo "2488"]
[BlackElo "2702"]

1.d4 Nf6 2.c4 g6 3.Nc3 d5 4.cxd5 Nxd5 5.e4 Nxc3 6.bxc3 Bg7 7.Nf3 O-O 8.Be2 c5
9.Rb1 b6 10.O-O Bb7 11.Qd3 Ba6 12.Qd2 Qd7 13.Bxa6 Nxa6 14.Qe2 Nc7 15.Rd1 Qa4
16.Rb3 cxd4 17.cxd4 Ne6 18.e5 Rfd8 19.d5 Nc5 20.Rd4 Qd7 21.Rc3 Rac8 22.Ba3 Qb7
23.Qd1 e6 24.d6 f6 25.Qe2 Qd7 26.Bxc5 bxc5 27.Rd1 Rc6 28.g3 fxe5 29.Nxe5 Bxe5
30.Qxe5 Rxd6  1/2-1/2

[Event "TCh-CRO"]
[Site "Pula CRO"]
[Date "2001.09.18"]
[Round "9"]
[White "Shariyazdanov,A"]
[Black "Stohl,I"]
[Result "1-0"]
[WhiteElo "2582"]
[BlackElo "2533"]

1.d4 Nf6 2.c4 g6 3.Nc3 d5 4.cxd5 Nxd5 5.e4 Nxc3 6.bxc3 Bg7 7.Bb5+ c6 8.Ba4 O-O
9.Ne2 Be6 10.O-O Qa5 11.Be3 Bc4 12.Bb3 Bxe2 13.Qxe2 Qxc3 14.Rac1 Qa5 15.f4 Nd7
16.f5 c5 17.dxc5 Rac8 18.Bd5 Rc7 19.Qf3 Nxc5 20.fxg6 e6 21.Rxc5 Rxc5 22.gxf7+ Kh8
23.Bxe6 Rc3 24.Qf4 Qa3 25.Bf2 Rc6 26.Qg4 Rc1 27.g3 Rxf1+ 28.Kxf1 Qc1+ 29.Kg2 Qd2
30.Bb3 a5 31.Qf4 Qb2 32.Kh3 a4 33.Bd5 b6 34.Be3 Rc8 35.Qf5  1-0

[Event "ECC"]
[Site "Panormo GRE"]
[Date "2001.09.28"]
[Round "6"]
[White "Sherwin,J"]
[Black "Oral,T"]
[Result "1/2-1/2"]
[WhiteElo "2359"]
[BlackElo "2540"]

1.d4 Nf6 2.c4 g6 3.Nc3 d5 4.cxd5 Nxd5 5.e4 Nxc3 6.bxc3 Bg7 7.Bc4 O-O 8.Ne2 c5
9.Be3 Nc6 10.O-O Qc7 11.Rc1 Rd8 12.Qd2 Na5 13.Bd3 b6 14.Rfd1 Bb7 15.Bh6 Bh8
16.Qe3 e6 17.h4 Rac8 18.h5 e5 19.hxg6 hxg6 20.d5 c4 21.Bc2 Bg7  1/2-1/2

[Event "ECC"]
[Site "Panormo GRE"]
[Date "2001.09.29"]
[Round "7"]
[White "Volkov,S"]
[Black "Mikhalevski,V"]
[Result "0-1"]
[WhiteElo "2578"]
[BlackElo "2501"]

1.d4 Nf6 2.c4 g6 3.Nc3 d5 4.cxd5 Nxd5 5.e4 Nxc3 6.bxc3 Bg7 7.Qa4+ Nd7 8.Nf3 c5
9.Bg5 O-O 10.Rb1 Qc7 11.Bd3 e5 12.d5 Nf6 13.O-O Ne8 14.Nd2 Nd6 15.Nc4 Bd7
16.Qc2 f6 17.Be3 Rab8 18.a4 f5 19.Nxd6 Qxd6 20.f3 f4 21.Bf2 g5 22.Bb5 Bc8
23.Be2 Bd7 24.Rb2 Rf6 25.Rfb1 Qc7 26.Bb5 Bc8 27.Be8 Bf8 28.Rb5 Bd6 29.a5 g4
30.fxg4 Bxg4 31.Bc6 b6 32.axb6 axb6 33.h3 Bh5  0-1

[Event "ECC"]
[Site "Panormo GRE"]
[Date "2001.09.29"]
[Round "7"]
[White "Khalifman,A"]
[Black "Avrukh,B"]
[Result "1/2-1/2"]
[WhiteElo "2700"]
[BlackElo "2598"]

1.d4 Nf6 2.c4 g6 3.Nc3 d5 4.cxd5 Nxd5 5.e4 Nxc3 6.bxc3 Bg7 7.Bc4 c5 8.Ne2 Nc6
9.Be3 O-O 10.O-O Bd7 11.Rb1 a6 12.dxc5 Na5 13.Bd3 Qc7 14.Qc2 Rfc8 15.Nc1 e6
16.Nb3 Rab8 17.Rfd1  1/2-1/2

[Event "Tatry Open"]
[Site "High Tatras SVK"]
[Date "2001.09.30"]
[Round "2"]
[White "Tyda,K"]
[Black "Bednarska,M"]
[Result "1/2-1/2"]
[WhiteElo "2078"]
[BlackElo "2223"]

1.d4 Nf6 2.c4 g6 3.Nc3 d5 4.cxd5 Nxd5 5.e4 Nxc3 6.bxc3 Bg7 7.Nf3 O-O 8.Be3 c5
9.Rc1 Bg4 10.Be2 cxd4 11.cxd4 Nc6 12.d5 Bxf3 13.Bxf3 Na5 14.O-O Qd7 15.Bg4 f5
16.exf5 gxf5 17.Bf3 Rac8 18.Qe2 b5 19.Rfe1 Rxc1 20.Bxc1 Bf6 21.Ba3 Rc8 22.h3 Kf8
23.d6 e5 24.Bd5 Nc4 25.Qf3 Nxa3 26.Qxa3 e4 27.Be6 Qxe6 28.d7+ Be7 29.dxc8=Q+ Qxc8
30.Qxa7 b4 31.Qd4 Kf7 32.Rd1 Qe6 33.Qd5 h5 34.Kf1 h4 35.Ke2 f4 36.Rd4 Qxd5
37.Rxd5 Ke6 38.Rb5 Bd6 39.f3 e3 40.Kd3 Be7 41.Rh5 Bf6 42.Rc5 Be7 43.Rc4 Bd6
44.Rc8 Kd5 45.Rh8 Be7 46.Rh7 Ke6 47.Rg7 Bf6 48.Rg8 Be7 49.Rg4 Ke5 50.Rg8 Ke6
51.Ra8 Kd5 52.Ra5+ Ke6 53.Ke2 Bd6 54.Kd3 Be7 55.Ra8 Kd5 56.Re8 Ke6 57.Rh8 Bf6
58.Rh5 Be7 59.Rh7 Bf6 60.Rh5 Be7 61.Rh8 Bf6  1/2-1/2

[Event "Chigorin Mem Open"]
[Site "St Petersburg RUS"]
[Date "2001.10.01"]
[Round "7"]
[White "Kobalija,M"]
[Black "Zakharstov,V"]
[Result "1-0"]
[WhiteElo "2603"]
[BlackElo "2527"]

1.d4 Nf6 2.c4 g6 3.Nc3 d5 4.cxd5 Nxd5 5.e4 Nxc3 6.bxc3 Bg7 7.Bc4 c5 8.Ne2 Nc6
9.Be3 O-O 10.O-O Bg4 11.f3 Na5 12.Bd3 cxd4 13.cxd4 Be6 14.d5 Bxa1 15.Qxa1 f6
16.Bh6 Re8 17.Kh1 Rc8 18.Nf4 Bd7 19.e5 Nc4 20.e6 Ba4 21.Nxg6 hxg6 22.Bxg6 Ne5
23.Be4 Bc2 24.Bxc2 Rxc2 25.Qd1 Qc7 26.f4 Rc1 27.Qxc1 Qxc1 28.Rxc1 Ng4 29.h3 Nxh6
30.g4 Rd8 31.Rc7 Kf8 32.Rd7 Nf7 33.Kg2 b5 34.Kf2 Ke8 35.Rxa7 Nd6 36.h4 Kf8
37.h5 f5 38.g5 Ne4+ 39.Ke3 Rxd5 40.Ra8+ Kg7 41.h6+ Kh7 42.Re8 Nxg5 43.fxg5 Re5+
44.Kf4 Rxe6 45.Rf8  1-0

[Event "Chigorin Mem Open"]
[Site "St Petersburg RUS"]
[Date "2001.10.01"]
[Round "7"]
[White "Belukhin,I"]
[Black "Musaeva,A"]
[Result "1-0"]
[WhiteElo "2234"]
[BlackElo "2099"]

1.d4 Nf6 2.c4 g6 3.Nc3 d5 4.cxd5 Nxd5 5.e4 Nxc3 6.bxc3 Bg7 7.Bc4 c5 8.Ne2 O-O
9.O-O Nc6 10.Be3 cxd4 11.cxd4 Bd7 12.Rb1 Na5 13.Bd3 a6 14.a4 Qe8 15.Qd2 Qd8
16.d5 Be5 17.Rfc1 Rc8 18.Bb6 Bc7 19.Rxc7  1-0

[Event "ch-POL w"]
[Site "Brzeg Dolny POL"]
[Date "2001.10.03"]
[Round "9"]
[White "Socko,M"]
[Black "Grabarska,B"]
[Result "1/2-1/2"]
[WhiteElo "2389"]
[BlackElo "2253"]

1.d4 Nf6 2.c4 g6 3.Nc3 d5 4.cxd5 Nxd5 5.e4 Nxc3 6.bxc3 Bg7 7.Bc4 c5 8.Ne2 O-O
9.O-O Nc6 10.Be3 Na5 11.Bd3 Bd7 12.Rb1 Rc8 13.d5 f5 14.exf5 Bxf5 15.c4 Qd6
16.Ng3 b6 17.Nxf5 gxf5 18.Qh5 Qg6 19.Qf3 e5 20.dxe6 Qxe6 21.Rfe1 Nc6 22.Bf4 Qf7
23.Qd5 Nb4 24.Rxb4 cxb4 25.Bd6 Rfe8 26.Rxe8+ Rxe8 27.Bxb4 a5 28.Bd2 Qxd5
29.cxd5 Kf8 30.Be3 Rd8 31.Bc4 Rc8 32.Bb5 Be5 33.g3 Rc2 34.a4 Bc7 35.d6 Bxd6
36.Bxb6 Bc5 37.Bxa5 Bxf2+ 38.Kh1 Kg7 39.Bd3 Ra2 40.Bc3+ Kh6 41.Bxf5 Rxa4
42.Kg2 Bd4 43.Bxd4 Rxd4 44.h4 Kg7 45.h5 h6 46.Kf3 Kf6 47.g4 Ke5 48.Ke3 Ra4
49.Kf3 Ra3+ 50.Ke2 Kf4 51.Kd2 Re3 52.Bg6  1/2-1/2

[Event "Chigorin Mem Open"]
[Site "St Petersburg RUS"]
[Date "2001.10.03"]
[Round "9"]
[White "Ovod,E"]
[Black "Hansson,H"]
[Result "1-0"]
[WhiteElo "2356"]
[BlackElo "2182"]

1.d4 Nf6 2.c4 g6 3.Nc3 d5 4.cxd5 Nxd5 5.e4 Nxc3 6.bxc3 Bg7 7.Bb5+ c6 8.Ba4 O-O
9.Ne2 b5 10.Bb3 Bb7 11.O-O Nd7 12.Be3 Qc7 13.Qd2 e5 14.Rad1 Rad8 15.Bg5 Bf6
16.f3 c5 17.Bxf6 Nxf6 18.Qg5 Nd7 19.h4 c4 20.Bc2 f6 21.Qg4 Qb6 22.h5 Kf7
23.f4 Bc8 24.Qh4 Kg7 25.Rf2 exf4 26.hxg6 hxg6 27.Nxf4 Rh8 28.Qg3 Rh6 29.Kf1 Bb7
30.Qg4 Nf8 31.Kg1 b4 32.Rdf1 bxc3 33.Ne2 Qd6 34.e5 fxe5 35.Rf7+ Kg8 36.R1f6 Qd5
37.Be4 Qxe4 38.Rxf8+ Rxf8 39.Qe6+ Kg7 40.Qe7+  1-0

[Event "TCh-BUL w"]
[Site "Pamporovo BUL"]
[Date "2001.10.05"]
[Round "4"]
[White "Plachkinova,T"]
[Black "Jovkova Draganova,P"]
[Result "1-0"]
[WhiteElo "2190"]
[BlackElo "2082"]

1.d4 Nf6 2.c4 g6 3.Nc3 d5 4.cxd5 Nxd5 5.e4 Nxc3 6.bxc3 Bg7 7.Nf3 c5 8.Rb1 O-O
9.Be2 b6 10.O-O Bb7 11.Qd3 Ba6 12.Qe3 Qd7 13.Bxa6 Nxa6 14.Qe2 Nc7 15.Rd1 Rad8
16.Be3 Qa4 17.h4 cxd4 18.cxd4 Ne6 19.d5 Nc5 20.Bd4 Rd7 21.Bxg7 Kxg7 22.Rd4 Qa6
23.Qd2 f6 24.e5 Rfd8 25.h5 Qb7 26.Rd1 Qc7 27.d6 exd6 28.exf6+ Kxf6 29.Rf4+ Kg7
30.Qd4+ Kg8 31.Qd5+ Kh8 32.Ng5 Re8 33.hxg6 hxg6 34.Rh4+ Kg7 35.Qd4+ Re5 36.f4  1-0

[Event "ch-SLO"]
[Site "Grize SLO"]
[Date "2001.10.06"]
[Round "6"]
[White "Starcic,T"]
[Black "Kukovec,B"]
[Result "0-1"]
[WhiteElo "2248"]
[BlackElo "2094"]

1.d4 Nf6 2.c4 g6 3.Nc3 d5 4.cxd5 Nxd5 5.e4 Nxc3 6.bxc3 Bg7 7.Nf3 c5 8.Rb1 O-O
9.Be2 cxd4 10.cxd4 Qa5+ 11.Bd2 Qxa2 12.O-O Bg4 13.Be3 Nc6 14.Qd3 Bxf3 15.Bxf3 Rfd8
16.Rxb7 Nxd4 17.Qb1 Qa3 18.Bd1 a5 19.h4 a4 20.h5 Qd6 21.f4 a3 22.e5 Qd5 23.hxg6 a2
24.gxf7+ Kh8 25.Qa1 Qxb7 26.Bxd4 Rxd4 27.Bf3 Qa7 28.Kh2 Rxf4 29.Bxa8 Rxf1
30.Qxf1 Qxa8 31.Qa1 e6 32.g4 Qa3 33.g5 Bf8 34.Kg2 Be7 35.Qd4 a1=Q  0-1

[Event "ch-SLO w"]
[Site "Grize SLO"]
[Date "2001.10.08"]
[Round "8"]
[White "Marusic,N"]
[Black "Licina,A"]
[Result "0-1"]
[WhiteElo "2003"]
[BlackElo "2195"]

1.d4 Nf6 2.c4 g6 3.Nc3 d5 4.cxd5 Nxd5 5.e4 Nxc3 6.bxc3 Bg7 7.Nf3 O-O 8.Bc4 c5
9.O-O Nc6 10.Be3 Bg4 11.e5 Qc7 12.Be2 Rfd8 13.Qc2 Rac8 14.Rac1 Na5 15.Qe4 Be6
16.Qh4 Bc4 17.Bxc4 Nxc4 18.Bh6 f6 19.Bxg7 Kxg7 20.exf6+ exf6 21.Rfe1 Qf7
22.d5 b5 23.Rcd1 Rc7 24.Ne5 Nxe5 25.Rxe5 Rcd7 26.Ree1 Rxd5 27.Rxd5 Rxd5 28.Qe4 Re5
29.Qb1 Qxa2 30.Qd1 Rxe1+ 31.Qxe1 Kf7 32.h3 Qe6 33.Qb1 a6 34.h4 h5 35.Qd3 f5
36.Qd8 Qe1+ 37.Kh2 Qxc3 38.Qd7+ Kg8 39.Qc8+ Kh7 40.Qxa6 Qe5+ 41.g3 c4 42.f4 Qe8
43.Qa7+ Kg8 44.Qd4 Qc6 45.Qd8+ Kf7 46.Qh8 c3 47.Qh7+ Ke8  0-1

[Event "ULIM Cup"]
[Site "Kishnev MDA"]
[Date "2001.10.11"]
[Round "5"]
[White "Voiteanu,G"]
[Black "Moshina,C"]
[Result "1/2-1/2"]
[WhiteElo "2097"]
[BlackElo "2226"]

1.d4 Nf6 2.c4 g6 3.Nc3 d5 4.cxd5 Nxd5 5.e4 Nxc3 6.bxc3 Bg7 7.Bc4 c5 8.Ne2 O-O
9.O-O cxd4 10.cxd4 Nc6 11.Be3 Na5 12.Bd3 Bg4 13.f3 Be6  1/2-1/2

[Event "TCh-ESP"]
[Site "Cala Galdana ESP"]
[Date "2001.10.14"]
[Round "2"]
[White "Estremera Panos,S"]
[Black "Jerez Perez,A"]
[Result "1/2-1/2"]
[WhiteElo "2398"]
[BlackElo "2356"]

1.d4 Nf6 2.c4 g6 3.Nc3 d5 4.cxd5 Nxd5 5.e4 Nxc3 6.bxc3 Bg7 7.Nf3 c5 8.Be3 Bg4
9.Bb5+ Nc6 10.O-O O-O 11.Bxc6 bxc6 12.Rc1 Qa5 13.Qe2 Qa4 14.Qc2 Qxc2 15.Rxc2 f5
16.Ne5  1/2-1/2

[Event "TCh-ESP"]
[Site "Cala Galdana ESP"]
[Date "2001.10.16"]
[Round "4"]
[White "Gonzalez Velez,F"]
[Black "Jerez Perez,A"]
[Result "1/2-1/2"]
[WhiteElo "2379"]
[BlackElo "2356"]

1.d4 Nf6 2.c4 g6 3.Nc3 d5 4.cxd5 Nxd5 5.e4 Nxc3 6.bxc3 Bg7 7.Qa4+ Nd7 8.Nf3 O-O
9.Bg5 h6 10.Be3 c5 11.Rc1 Nf6 12.d5 Bd7 13.Qc2 Qa5 14.Nd2 Ng4  1/2-1/2

[Event "6th Wichern Open"]
[Site "Hamburg GER"]
[Date "2001.10.20"]
[Round "8"]
[White "Abdulla,Al"]
[Black "Wobbe,S"]
[Result "1/2-1/2"]
[WhiteElo "2435"]
[BlackElo "2218"]

1.d4 Nf6 2.c4 g6 3.Nc3 d5 4.cxd5 Nxd5 5.e4 Nxc3 6.bxc3 Bg7 7.Bc4 c5 8.Ne2 O-O
9.Be3 cxd4 10.cxd4 Nc6 11.Rc1 Na5 12.Bd3 b6 13.h4 Bd7 14.h5 Rc8 15.hxg6 fxg6
16.O-O Rxc1 17.Qxc1 Qb8 18.Qa3 e5 19.d5 Rf7 20.Qc3 Bf8 21.f4 Bh6 22.Bc1 Bg4
23.fxe5 Rxf1+ 24.Kxf1 Bxe2+ 25.Kxe2 Bxc1 26.Qxc1 Qxe5 27.Qc8+ Kg7 28.Qd7+ Kh6
29.Qh3+ Kg7 30.Qd7+ Kh6 31.Qf7 Nc4 32.Qf8+ Kg5 33.Qd8+ Kh5 34.g4+ Kh6 35.Qf8+ Kg5
36.Qd8+ Kh6 37.Qh4+ Kg7 38.Bxc4 Qxe4+ 39.Kf2 Qxc4 40.Qe7+ Kg8 41.Qe8+  1/2-1/2

[Event "27th Open"]
[Site "Guernsey GCI"]
[Date "2001.10.23"]
[Round "3"]
[White "Buckley,G"]
[Black "Deva,C"]
[Result "1/2-1/2"]
[WhiteElo "2409"]
[BlackElo "2075"]

1.d4 Nf6 2.c4 g6 3.Nc3 d5 4.cxd5 Nxd5 5.e4 Nxc3 6.bxc3 Bg7 7.Bc4 c5 8.Ne2 Nc6
9.Be3 O-O 10.O-O Bg4 11.f3 cxd4 12.cxd4 Na5 13.Bd3 Be6 14.Rc1 Bxa2 15.Qa4 Bb3
16.Qb4 b6 17.Rc3 Be6 18.Bf4 Rc8 19.Rxc8 Bxc8 20.Rc1 e5 21.Bg3 Bh6 22.f4 exd4
23.Nxd4 Nb3 24.Qxb3 Qxd4+ 25.Bf2 Qd6 26.e5 Qe7 27.Qa4 Be6 28.g3 Bd5 29.Be4 Bxe4
30.Qxe4 Rd8 31.Rc6 Rd1+ 32.Kg2 Qd7 33.Be3 Bf8 34.Qf3 Rd3 35.Rc2 Bc5 36.Qa8+ Kg7
37.Bxc5 bxc5 38.Qe4 Rd2+ 39.Rxd2 Qxd2+ 40.Kh3 Qd4 41.Qb7 Qc4 42.Qxa7 Qe6+
43.Kg2 Qd5+ 44.Kf2 Qd2+ 45.Kf3 Qd3+ 46.Kf2  1/2-1/2

[Event "WYG18"]
[Site "Oropesa del Mar ESP"]
[Date "2001.10.24"]
[Round "4"]
[White "Grapsa,G"]
[Black "Mamedjarova,Z"]
[Result "1/2-1/2"]
[WhiteElo "2063"]
[BlackElo "2231"]

1.d4 Nf6 2.c4 g6 3.Nc3 d5 4.cxd5 Nxd5 5.e4 Nxc3 6.bxc3 Bg7 7.Be3 c5 8.Qd2 cxd4
9.cxd4 O-O 10.Nf3 Nc6 11.h3 b6 12.Rc1 Bb7 13.d5 Na5 14.Bh6 Rc8 15.Bxg7 Kxg7
16.Rxc8 Qxc8 17.Bd3 Qc5 18.O-O Rc8 19.Qf4 Qc7 20.Qh4 Qd6 21.Rd1 Rc7 22.Bb5 Qb4
23.Qf4 Rc8 24.Bd7 Rf8 25.Nd4 Nc4 26.Nc6 Qa4 27.Re1 b5 28.Qh4 Qxa2 29.Nxe7 Qd2
30.Rf1 b4 31.Bb5 Nd6 32.e5 g5 33.Qh5 Bxd5 34.exd6 Be6 35.Rd1 Qf4 36.d7 Rd8
37.Qe2 b3 38.Qb2+ f6 39.Nc8 Qb8 40.Be2 Rxd7 41.Rxd7+ Bxd7 42.Ne7 a5 43.Nd5 Qe5
44.Qxb3 Qxe2 45.Qb7 Qb5 46.Nb6 Kg6 47.Qxd7 Qb1+ 48.Kh2 Qxb6 49.Qe8+ Kg7 50.Qe7+ Kg6
51.Qe8+ Kf5 52.Qd7+ Ke5 53.Qxh7 Qc5 54.Qd7 Qd5 55.Qa4 Kd6 56.g3 Qc5 57.Kg1 Qb4
58.Qd1+  1/2-1/2

[Event "WYB14"]
[Site "Oropesa del Mar ESP"]
[Date "2001.10.25"]
[Round "5"]
[White "Porat,I"]
[Black "Baramidze,D"]
[Result "1-0"]
[WhiteElo "2113"]
[BlackElo "2335"]

1.d4 Nf6 2.c4 g6 3.Nc3 d5 4.cxd5 Nxd5 5.e4 Nxc3 6.bxc3 Bg7 7.Be3 c5 8.Nf3 Bg4
9.Qd2 cxd4 10.cxd4 Nc6 11.Rd1 Bxf3 12.gxf3 O-O 13.Be2 e5 14.d5 Nd4 15.f4 Nxe2
16.Qxe2 exf4 17.Bxf4 Re8 18.O-O f5 19.f3 Qb6+ 20.Kh1 Rad8 21.d6 fxe4 22.Qc4+ Kh8
23.d7 Rf8 24.Bc7 Qb2 25.Bxd8 exf3 26.Rxf3 Rxd8 27.Re1 Be5 28.Qe2  1-0

[Event "Copa Clarin"]
[Site "Villa Martelli ARG"]
[Date "2001.10.27"]
[Round "2"]
[White "Benedetto,A"]
[Black "Ricardi,P"]
[Result "0-1"]
[WhiteElo "2181"]
[BlackElo "2538"]

1.d4 Nf6 2.c4 g6 3.Nc3 d5 4.cxd5 Nxd5 5.e4 Nxc3 6.bxc3 Bg7 7.Nf3 O-O 8.Be3 c5
9.Qd2 Qa5 10.Rc1 b6 11.Be2 e6 12.O-O Bb7 13.d5 exd5 14.exd5 Nd7 15.c4 Qxd2
16.Bxd2 Rfe8 17.Bd3 Nf6 18.Rfe1 Ba6 19.Rxe8+ Nxe8 20.Bf4 Bf8 21.Nd2 Bd6 22.Bxd6 Nxd6
23.f3 f5 24.Kf2 Kf7 25.Re1 Re8 26.Rxe8 Kxe8 27.h4 Ke7 28.Ke3 Kf6 29.g4 fxg4
30.fxg4 h6 31.Ne4+ Nxe4 32.Kxe4 g5 33.h5 Bc8 34.Be2 Bd7 35.Bd1 b5 36.cxb5 Bxb5
37.a3 Bd7 38.Bf3 Ba4 39.Be2 Bc2+ 40.Ke3 Ke5 41.Bf3 Bb3 42.Be2 Bxd5 43.Bd3 Be6
44.Be2 c4  0-1

[Event "Helsinki vs. Tallinn Match"]
[Site "Helsinki FIN"]
[Date "2001.10.28"]
[Round "?"]
[White "Norri,J"]
[Black "Zjukin,S"]
[Result "1-0"]
[WhiteElo "2418"]
[BlackElo "2415"]

1.d4 Nf6 2.c4 g6 3.Nc3 d5 4.cxd5 Nxd5 5.e4 Nxc3 6.bxc3 Bg7 7.Bc4 c5 8.Ne2 O-O
9.O-O Nc6 10.Be3 Qc7 11.Rc1 Rd8 12.f4 e6 13.g4 b6 14.Qe1 Na5 15.Bd3 f5 16.Ng3 Bb7
17.gxf5 exf5 18.exf5 Re8 19.Qf2 Qc6 20.Rfe1 gxf5 21.dxc5 Rad8 22.Bf1 bxc5
23.Bg2 Qxg2+ 24.Qxg2 Bxg2 25.Kxg2 Nc4 26.Bxc5 Rd2+ 27.Kh3 Rxe1 28.Rxe1 Rxa2
29.Nxf5 Bf6 30.Re4 Nd2 31.Re8+ Kf7 32.Rf8+ Kg6 33.Ne7+ Kg7 34.Nd5 Ne4 35.Rxf6 Nxf6
36.Bd4 a5 37.f5 a4 38.Nxf6 a3 39.Ne4+ Kf8 40.f6 Re2 41.Ng5 a2 42.Bc5+ Ke8
43.f7+ Kd7 44.f8=Q a1=Q 45.Qd6+ Ke8 46.Qc6+ Kd8 47.Nf7+  1-0

[Event "Chigorin Mem Open"]
[Site "St Petersburg RUS"]
[Date "2001.10.28"]
[Round "3"]
[White "Rychagov,A"]
[Black "Belov,Vl"]
[Result "1/2-1/2"]
[WhiteElo "2513"]
[BlackElo "2458"]

1.d4 Nf6 2.c4 g6 3.Nc3 d5 4.cxd5 Nxd5 5.e4 Nxc3 6.bxc3 Bg7 7.Be3 c5 8.Qd2 Qa5
9.Nf3 Nc6 10.Rc1 cxd4 11.cxd4 Qxd2+ 12.Kxd2 O-O 13.d5 Rd8 14.Ke1 Na5 15.Bg5 Bd7
16.Bd3 Rdc8 17.Ke2 e6 18.Be3 exd5 19.exd5 b5 20.Rxc8+ Rxc8 21.Bxa7 Nc4 22.Bd4 Re8+
23.Kd1 Ra8 24.Bxg7 Kxg7 25.Bb1 Nb6 26.Ne5 Be8 27.Kc1 Nxd5 28.Kb2 Rc8  1/2-1/2

[Event "Chigorin Mem Open"]
[Site "St Petersburg RUS"]
[Date "2001.10.29"]
[Round "4"]
[White "Gavrilov,Al"]
[Black "Krivonogov,A"]
[Result "1-0"]
[WhiteElo "2462"]
[BlackElo "2337"]

1.d4 Nf6 2.c4 g6 3.Nc3 d5 4.cxd5 Nxd5 5.e4 Nxc3 6.bxc3 Bg7 7.Qa4+ Nd7 8.Nf3 c5
9.Bg5 O-O 10.Rc1 Qc7 11.Bd3 h6 12.Be3 b6 13.O-O e6 14.e5 Bb7 15.Nd2 Qc6 16.Qxc6 Bxc6
17.f4 Rfd8 18.g4 b5 19.Bb1 Nb6 20.dxc5 Nc4 21.Nxc4 bxc4 22.Bd4 Rab8 23.Rf2 Rb5
24.Bc2 Rdb8 25.f5 gxf5 26.gxf5 exf5 27.Bxf5 Rb2 28.e6 Rxf2 29.Kxf2 Rb2+ 30.Ke3 fxe6
31.Bxe6+ Kh8 32.Bxc4 Rxh2 33.Rf1 Rh3+ 34.Kd2 Rh2+ 35.Ke1 Bxd4 36.cxd4 a5
37.d5 Ba4 38.c6 Rc2 39.Rf4 Kg7 40.Bb3 Bxb3 41.axb3 Rc5 42.Rc4  1-0

[Event "WYB18"]
[Site "Oropesa del Mar ESP"]
[Date "2001.10.30"]
[Round "9"]
[White "Hanley,C"]
[Black "Flumbort,A"]
[Result "0-1"]
[WhiteElo "2303"]
[BlackElo "2434"]

1.d4 Nf6 2.c4 g6 3.Nc3 d5 4.cxd5 Nxd5 5.e4 Nxc3 6.bxc3 Bg7 7.Be3 c5 8.Nf3 O-O
9.Rb1 cxd4 10.cxd4 Qa5+ 11.Qd2 Qxd2+ 12.Kxd2 Rd8 13.Bd3 Nc6 14.d5 Na5 15.Bf4 b6
16.Rhc1 Bb7 17.Rc7 f5 18.exf5 Bxd5 19.Re1 Bc4 20.Re3 gxf5 21.Rcxe7 Bxa2 22.Ke2 Nc4
23.R3e6 Bf8 24.Rc7 Rxd3  0-1

[Event "Chigorin Mem Open"]
[Site "St Petersburg RUS"]
[Date "2001.10.30"]
[Round "5"]
[White "Ionov,S"]
[Black "Belov,Vl"]
[Result "0-1"]
[WhiteElo "2544"]
[BlackElo "2458"]

1.d4 Nf6 2.c4 g6 3.Nc3 d5 4.cxd5 Nxd5 5.e4 Nxc3 6.bxc3 Bg7 7.Qa4+ Nd7 8.Nf3 O-O
9.Bg5 Qe8 10.Qa3 e5 11.Bd3 exd4 12.cxd4 c5 13.O-O h6 14.Bf4 Qd8 15.Rac1 b6
16.Bb5 Bb7 17.Rfd1 Qf6 18.Bg3 Rfd8 19.d5 Qe7 20.Bc7 Rdc8 21.d6 Qe6 22.Qb3 Nf8
23.Bc4 Qd7 24.Nd2 Bc6 25.Qb1 Re8 26.Re1 Be5 27.Qb3 Ne6 28.Bxe6 Rxe6 29.Nc4 Bd4
30.Qd3 Rae8 31.Nd2 Be5 32.Nc4 Bf4 33.f3 Bxc1 34.Rxc1 Bb5 35.Qd2 Bxc4 36.Rxc4 Kh7
37.Rc3 Rc8 38.Rd3 c4 39.Rd5 c3 40.Qc2 Rxc7 41.dxc7 Qxc7 42.g3 Rc6 43.Kg2 Rc5
44.h4 h5 45.f4 Rxd5 46.exd5 Qc5 47.Qb3 Kg8 48.d6 Qxd6 49.Qxc3 Qd5+  0-1

[Event "WYB18"]
[Site "Oropesa del Mar ESP"]
[Date "2001.11.01"]
[Round "10"]
[White "Djukic,Ni"]
[Black "Kovchan,A"]
[Result "1/2-1/2"]
[WhiteElo "2348"]
[BlackElo "2504"]

1.d4 Nf6 2.c4 g6 3.Nc3 d5 4.cxd5 Nxd5 5.e4 Nxc3 6.bxc3 Bg7 7.Bc4 c5 8.Ne2 Nc6
9.Be3 O-O 10.O-O Bg4 11.f3 Na5 12.Bd3 cxd4 13.cxd4 Be6 14.Rc1 Bxa2 15.Qa4 Be6
16.d5 Bd7 17.Qb4 e6 18.Nc3 exd5 19.Nxd5 Be6 20.Rfd1 Bxd5 21.exd5 Qxd5 22.Be4 Qb3
23.Qxb3 Nxb3 24.Rc7 Na5 25.Rdd7 Rad8 26.Bd5 Rxd7 27.Rxd7 b5 28.Bxa7 Nc4 29.Bc5 Ne5  1/2-1/2

[Event "EuTCh"]
[Site "Leon ESP"]
[Date "2001.11.07"]
[Round "2"]
[White "Rama,L"]
[Black "Holmsten,A"]
[Result "0-1"]
[WhiteElo "2311"]
[BlackElo "2422"]

1.d4 Nf6 2.c4 g6 3.Nc3 d5 4.cxd5 Nxd5 5.e4 Nxc3 6.bxc3 Bg7 7.Bc4 c5 8.Ne2 O-O
9.O-O Nc6 10.Be3 Bg4 11.f3 Na5 12.Bd3 cxd4 13.cxd4 Be6 14.Rc1 Bxa2 15.Qa4 Bb3
16.Qb4 b6 17.d5 Qd6 18.Qxd6 exd6 19.Nd4 Ba4 20.Rc7 Bxd4 21.Bxd4 Nb3 22.Bf6 Rfc8
23.Rxc8+ Rxc8 24.Be7 Nc5 25.Bb1 Nb7 26.f4 Rc7 27.Bf6 Bb3 28.h4 a5 29.h5 a4
30.hxg6 fxg6 31.e5 Bxd5 32.exd6 Rd7 33.Be5 Nxd6 34.Rd1 Nf7 35.Bf6 Rd6 36.Be7 Re6
37.Bb4 Bc4 38.g4 b5 39.Rc1 Re8 40.f5 gxf5 41.Bxf5 Ng5 42.Bd7 Re3 43.Bxb5 Bxb5
44.Rc5 h6 45.Rxb5 Rb3 46.Rb8+ Kh7 47.Bd6 Rxb8 48.Bxb8 Ne4 49.Kf1 a3 50.Be5 a2
51.Ke2 Nc5 52.Kd2 Nb3+ 53.Kc2 a1=Q 54.Bxa1 Nxa1+ 55.Kb2 Kg6 56.Kxa1 Kg5 57.Kb2 Kxg4  0-1

[Event "EuTChw"]
[Site "Leon ESP"]
[Date "2001.11.10"]
[Round "5"]
[White "Socko,M"]
[Black "Petrenko,S"]
[Result "1/2-1/2"]
[WhiteElo "2375"]
[BlackElo "2336"]

1.d4 Nf6 2.c4 g6 3.Nc3 d5 4.cxd5 Nxd5 5.e4 Nxc3 6.bxc3 Bg7 7.Bc4 c5 8.Ne2 O-O
9.O-O Nd7 10.Bg5 Nb6 11.Bb3 Qc7 12.Qd2 e5 13.Rad1 Re8 14.d5 c4 15.Bc2 Bd7
16.h4 Nc8 17.h5 Nd6 18.h6 Bh8 19.f4 Qc5+ 20.Kh1 exf4 21.Qxf4 f5 22.exf5 Bxf5
23.Bxf5 Nxf5 24.Qg4 Be5 25.Rxf5 gxf5 26.Qxf5 Qc8 27.Qf3 Rf8 28.Qe3 Qe8 29.Kg1 Rf5
30.g4 Bh2+ 31.Kxh2 Qxe3 32.Bxe3 Re5 33.Bf4 Rxe2+ 34.Kg3 Rd8 35.d6 Rd7 36.Rd4 b5
37.Rd5 a6 38.Rg5+ Kf7 39.Rg7+ Ke6 40.g5 Re1 41.Rg8 Rd1 42.Re8+ Kd5 43.Kg2 Rf7
44.Bg3 Rd3 45.g6 hxg6 46.Rg8 b4 47.Rg7 Rf8 48.h7 Rh8 49.cxb4 c3 50.d7 Kc4
51.Bh4 c2 52.d8=Q Rdxd8 53.Bxd8 Rxd8 54.Rc7+ Kd3 55.Rd7+ Rxd7 56.h8=Q c1=Q
57.Qh3+ Kc4 58.Qxd7 Qg5+ 59.Kh2 Qh4+ 60.Kg2 Qe4+ 61.Kh2 Qe2+ 62.Kg3 Qe3+
63.Kg2 Qe4+ 64.Kg1  1/2-1/2